Producción de semilla de pasto llorón en el valle bonaerense del rio colorado /

Guardado en:
Autor Principal: Moschetti, Carlos J
Formato: Libro
Publicado: H. Ascasubi : Inta, 0
Materias:
Etiquetas: Agregar Etiqueta
Sin Etiquetas, Sea el primero en etiquetar este registro!
LEADER 00543nam a22001695a 4500
001 CEM.cems016016
005 20110825140959.0
008 130507b######################000#0#####d
003 CEMS
082 0 4 |a 633.2 
100 1 |a Moschetti, Carlos J 
245 1 0 |a Producción de semilla de pasto llorón en el valle bonaerense del rio colorado /  |c Carlos J Moschetti, 
260 |a H. Ascasubi :  |b Inta, 0 
300 |a 19 p. 
653 |a Pasto llorón 
653 |a Semilla-producción 
859 |a CEMS  |b BIB. CEMS - Agricultura  |h 633.2  |i M85  |p A10230.81  |t Ej.1  |3 Tomo 1